000 00839cam a22002294a 4500
005 20250605164138.0
008 250528s ||||||||||||||||||||||||d
035 _a18849
020 _a192149946
040 _aGR-AtMCL
_bgre
_dGR-AtMCL
_eAACR2
245 1 _aSatellite Broadcasting
260 _bOxford University Press,
_c1973
300 _a162
520 _aPreface, Abbreviations not Explained in the Text, Introduction, The Questionnaire, Reply of the French Group, Reply of the Japanese Group, Reply of the United Kingdom Group, Reply of the United States Group, Appendix of Documents, List of Terms, Select Bibliography.
700 1 _aChayes Abram
_95117
700 1 _aFawcett James
_95118
700 1 _aIto Masami
_95119
700 1 _aKill Alexandre-Charles
_95120
942 _cBK
999 _c4159
_d4159